تقويم النيل/ (رقم التسجيلة. 180107)

تفاصيل مارك
000 -LEADER
fixed length control field 01479namaa2200361 i 4500
003 - CONTROL NUMBER IDENTIFIER
control field EG-GICUC
005 - DATE AND TIME OF LATEST TRANSACTION
control field 20260511141033.0
008 - FIXED-LENGTH DATA ELEMENTS--GENERAL INFORMATION
fixed length control field 260511s2009 ua abhojr|||| 000 0 ara d
017 ## - COPYRIGHT OR LEGAL DEPOSIT NUMBER
Copyright or legal deposit number 2009 / 16159
Assigning agency دار الكتب والوثائق القومية (مصر)
020 ## - INTERNATIONAL STANDARD BOOK NUMBER
International Standard Book Number 9789774795266
040 ## - CATALOGING SOURCE
Original cataloging agency EG-GiCUC
Language of cataloging ara
Transcribing agency EG-GiCUC
Modifying agency EG-GiCUC
Description conventions rda
043 ## - GEOGRAPHIC AREA CODE
Geographic area code f-ua---
082 04 - DEWEY DECIMAL CLASSIFICATION NUMBER
Edition number 21
Classification number 962
Item number S188
092 04 - LOCALLY ASSIGNED DEWEY CALL NUMBER (OCLC)
Edition number 21
Classification number 962
Item number S188
099 ## - LOCAL FREE-TEXT CALL NUMBER (OCLC)
Classification number 962 S188 2009
100 1# - MAIN ENTRY--PERSONAL NAME
Personal name سامى، أمين
Relator term مؤلف.
245 1# - TITLE STATEMENT
Title تقويم النيل/
Statement of responsibility, etc. لواضعه أمين سامى باشا ؛ قدم هذه الطبعة أحمد زكريا الشلق.
250 ## - EDITION STATEMENT
Edition statement الطبعة الثالثة
264 ## - PRODUCTION, PUBLICATION, DISTRIBUTION, MANUFACTURE, AND COPYRIGHT NOTICE
Place of production, publication, distribution, manufacture القاهرة(مصر) :
Name of producer, publisher, distributor, manufacturer الهيئة العامة لقصور الثقافة،
Date of production, publication, distribution, manufacture, or copyright notice 2009.
300 ## - PHYSICAL DESCRIPTION
Extent مجلدات
Other physical details إيضاحيات، صور، مثيليات ؛
Dimensions 23 سم
336 ## - CONTENT TYPE
Source rdacontent
Content type term text
337 ## - MEDIA TYPE
Source rdamedia
Media type term Unmediated
338 ## - CARRIER TYPE
Source rdacarrier
Carrier type term volume
500 ## - GENERAL NOTE
General note المكتبة تقتنى الجزء الاول والثانى والرابع والسادس فقط
504 ## - BIBLIOGRAPHY, ETC. NOTE
Bibliography, etc. note يشتمل على هوامش
541 ## - IMMEDIATE SOURCE OF ACQUISITION NOTE
Source of acquisition د. جابر عصفور ؛
Address القاهرة ؛
Method of acquisition إهداء ؛
Date of acquisition 2024.
650 1# - SUBJECT ADDED ENTRY--TOPICAL TERM
Source of heading or term qrmak
651 17 - SUBJECT ADDED ENTRY--GEOGRAPHIC NAME
Source of heading or term qrmak
Geographic name مصر
General subdivision تاريخ
Chronological subdivision العصر العثمانى(1517-1914م)
651 17 - SUBJECT ADDED ENTRY--GEOGRAPHIC NAME
Source of heading or term qrmak
Geographic name نهر النيل
700 1# - ADDED ENTRY--PERSONAL NAME
Personal name الشلق، أحمد زكريا
Relator term مقدم.
905 ## - Cataloger and Reviser Names
Cataloger Name Aya Mohamed
942 ## - ADDED ENTRY ELEMENTS (KOHA)
Source of classification or shelving scheme Dewey Decimal Classification
Koha item type Books
Edition 21
Suppress in OPAC No
المقتنيات
Withdrawn status Lost status Source of classification or shelving scheme Damaged status Not for loan Home library Current library Date acquired Inventory number Total checkouts Full call number Barcode Date last seen Price effective from Koha item type
    Dewey Decimal Classification   Not for loan المكتبة المركزبة الجديدة - جامعة القاهرة قاعة المكتبات المهداة - الدور الرابع 11.05.2026 175457   962 S188 2009 v.1 J.U. 01000100175457001 11.05.2026 11.05.2026 Books
    Dewey Decimal Classification   Not for loan المكتبة المركزبة الجديدة - جامعة القاهرة قاعة المكتبات المهداة - الدور الرابع 11.05.2026 175457   962 S188 2009 v.2 J.U. 01000100175457002 11.05.2026 11.05.2026 Books
    Dewey Decimal Classification   Not for loan المكتبة المركزبة الجديدة - جامعة القاهرة قاعة المكتبات المهداة - الدور الرابع 11.05.2026 175457   962 S188 2009 v.6 J.U. 01000100175457006 11.05.2026 11.05.2026 Books
    Dewey Decimal Classification   Not for loan المكتبة المركزبة الجديدة - جامعة القاهرة قاعة المكتبات المهداة - الدور الرابع 17.05.2026 175457   962 S188 2009 v.4 J.U. 01000100175457004 17.05.2026 17.05.2026 Books
Cairo University Libraries Portal Implemented & Customized by: Eng. M. Mohamady Contacts: new-lib@cl.cu.edu.eg | cnul@cl.cu.edu.eg
CUCL logo CNUL logo
© All rights reserved — Cairo University Libraries
CUCL logo
Implemented & Customized by: Eng. M. Mohamady Contact: new-lib@cl.cu.edu.eg © All rights reserved — New Central Library
CNUL logo
Implemented & Customized by: Eng. M. Mohamady Contact: cnul@cl.cu.edu.eg © All rights reserved — Cairo National University Library